000 00221nam a22000977a 4500
041 _aeng
080 _a80
100 _aЛевинская, С. И.
245 _aРусско-польский словарь.
999 _c279548
_d279548
942 _cBK